000 00427nam a2200181Ia 4500
001 12978
005 20260306163020.0
008 260306t1986||||xx |||||||||||||| ||spa||
041 _aESP
082 _aRD 503
_bB99
100 _aBynum, W.F.
_eAUT
245 0 _aDiccionario de historia de la ciencia
260 _c1986
300 _a668 páginas :
_c23 cm.
650 _aGEN
654 _aCCN
942 _cDIC
_dJUS
_fJUS
_2ddc
_n
999 _c12978
_d12978